000 00634nam a2200241Ia 4500
003 OSt
005 20220925222927.0
006 a|||||r|||| 00| 0
007 ta
008 220923b |||||||| |||| 00| 0 eng d
020 _a9780230362895
037 _cGeneral Book
040 _aRTL
_cRTL
_beng
041 _2eng
_aeng
082 _aX:57, N8;Q3/TD
100 _aPILBEAM Keith
_9285527
245 0 _aInternational finance
250 _a4th
260 _aLondon
_bRed Globe Press
_c2013
300 _axxxiii,545p
_ccm.
942 _hX:57, N8;Q3/TD
_cGB
_2CC
999 _c578173
_d578173